Radio Frequency and Microwave Power Amplifiers: Efficiency and Linearity Enhancement Techniques. Volume 2

Bibliographic Details
Corporate Author: Knovel (Firm)
Other Authors: Grebennikov, Andrei (Editor)
Format: eBook
Language:English
Published: Stevenage : Herndon : Institution of Engineering and Technology Stylus Publishing, LLC [Distributor]
Series:Materials, Circuits and Devices Ser.
Subjects:
Online Access:Connect to the full text of this electronic book

MARC

Tag First Indicator Second Indicator Subfields
LEADER 00000cam a2200000M 4500
001 in00004639921
006 m o d
007 cr n |||
008 190507nuuuuuuuuxxk eo ||| 2 eng d
005 20230110224451.7
035 |a (OCoLC)on1151959014 
040 |a UX1  |b eng  |c UX1  |d OCLCO  |d OCLCF  |d OCLCO 
019 |a 1264962236 
020 |a 9781839530388 
020 |a 1839530383  |q (Trade Cloth) 
024 3 |a 9781839530388 
035 |a (OCoLC)1151959014  |z (OCoLC)1264962236 
037 |a H134943  |b 00631721 
050 4 |a TK7871.58.P6 
049 |a TXAM 
245 0 0 |a Radio Frequency and Microwave Power Amplifiers:  |n Volume 2  |b Efficiency and Linearity Enhancement Techniques. 
260 |a Stevenage :  |b Institution of Engineering and Technology  |a Herndon :  |b Stylus Publishing, LLC [Distributor] 
300 |a 1 online resource. 
336 |a text  |b txt  |2 rdacontent 
337 |a computer  |b c  |2 rdamedia 
338 |a online resource  |b cr  |2 rdacarrier 
490 1 |a Materials, Circuits and Devices Ser. 
521 |a College Audience  |b Institution of Engineering and Technology. 
650 0 |a Amplifiers (Electronics) 
650 0 |a Radio frequency. 
650 2 |a Amplifiers, Electronic 
650 6 |a Amplificateurs. 
650 6 |a Radiofréquences. 
650 7 |a amplifiers.  |2 aat 
650 7 |a Amplifiers (Electronics)  |2 fast  |0 (OCoLC)fst00808015 
650 7 |a Radio frequency.  |2 fast  |0 (OCoLC)fst01087309 
655 7 |a Electronic books.  |2 local 
700 1 |a Grebennikov, Andrei  |e Editor.  |4 edt 
710 2 |a Knovel (Firm) 
830 0 |a Materials, Circuits and Devices Ser. 
856 4 0 |u http://proxy.library.tamu.edu/login?url=https://app.knovel.com/hotlink/toc/id:kpRFMPAVE3/radio-frequency-and?kpromoter=marc  |z Connect to the full text of this electronic book  |t 0 
955 |a Knovel ebooks 
994 |a 92  |b TXA 
999 f f |s 0f6f48d5-6d06-405d-bc0b-069ac8b9e8bf  |i 309d8b6e-f2b2-46ce-a29b-efd1b1f3d2a9  |t 0 
952 f f |a Texas A&M University  |b College Station  |c Electronic Resources  |d Available Online  |t 0  |e TK7871.58.P6   |h Library of Congress classification 
998 f f |a TK7871.58.P6   |t 0  |l Available Online